|
|
|
|
| LEADER |
00000nas a2200000 a 4500 |
| 001 |
ssj0012511 |
| 003 |
WaSeSS |
| 005 |
20200512172242.0 |
| 006 |
m d |
| 007 |
cr n |
| 008 |
820223c19809999abcqr p s 0 a0eng |
| 010 |
|
|
|a cn 81031402
|
| 015 |
|
|
|a 810314029
|2 can
|
| 015 |
|
|
|a C 810314029
|
| 016 |
|
|
|a (AMICUS)000002507550
|
| 016 |
7 |
|
|a 9892354
|2 DNLM
|
| 016 |
7 |
|
|a SR0093561
|2 DNLM
|
| 016 |
7 |
|
|a 011742317
|2 Uk
|
| 016 |
|
|
|a 810314029
|
| 022 |
|
|
|y 0710-1481
|
| 030 |
|
|
|a CJNEFX
|
| 035 |
|
|
|a (WaSeSS)ssj0012511
|
| 037 |
|
|
|b Dept. of Educational Foundations, 5-109 Education North, University of Alberta, Edmonton, Alta. T6G 2G5
|
| 040 |
|
|
|a NLC
|b eng
|c NLC
|d OCLCO
|d OCLCF
|d CGC
|d NST
|d AIP
|d HUL
|d DLC
|d CAS
|d WAU
|d SYS
|d NLM
|d UQ1
|d ZP2
|d CNTRU
|d UKMGB
|d CUS
|d U3G
|d HMG
|d YOU
|d REB
|d WaSeSS
|
| 042 |
|
|
|a nlc
|a isds/c
|
| 043 |
|
|
|a n-cn---
|
| 055 |
0 |
1 |
|a E97
|
| 082 |
0 |
|
|a 371.97/97/071
|2 19
|
| 084 |
|
|
|a cci1icc
|2 lacc
|
| 210 |
0 |
|
|a Can. j. nativ. educ.
|
| 222 |
|
0 |
|a Canadian journal of native education
|
| 245 |
0 |
0 |
|a Canadian journal of native education
|h [electronic resource].
|
| 260 |
|
|
|a [Edmonton :
|b Intercultural Education Program, University of Alberta],
|c 1980-
|
| 362 |
0 |
|
|a Vol. 8, no. 1 (fall 1980)-
|
| 365 |
|
|
|a $1.00 per no. $3.00 per year.
|
| 504 |
|
|
|a Includes bibliographies.
|
| 506 |
|
|
|a License restrictions may limit access.
|
| 650 |
|
0 |
|a Indians of North America
|x Education
|z Canada
|x Periodicals.
|
| 650 |
|
6 |
|a Indiens
|z Amérique du Nord
|x Education
|z Canada
|x Périodiques.
|
| 650 |
|
0 |
|a Indians of North America
|x Education.
|
| 650 |
|
0 |
|a Indians of North America
|x Economic conditions.
|
| 650 |
|
0 |
|a Indians of North America
|x Social conditions.
|
| 650 |
|
7 |
|a Indians of North America
|x Economic conditions.
|2 fast
|0 (OCoLC)fst00969709
|
| 650 |
|
7 |
|a Indians of North America
|x Education.
|2 fast
|0 (OCoLC)fst00969714
|
| 650 |
|
7 |
|a Indians of North America
|x Social conditions.
|2 fast
|0 (OCoLC)fst00969904
|
| 650 |
1 |
7 |
|a Autochtone.
|2 rasuqam
|
| 650 |
1 |
7 |
|a Éducation.
|2 rasuqam
|
| 651 |
|
7 |
|a Canada.
|2 fast
|0 (OCoLC)fst01204310
|
| 655 |
|
0 |
|a Electronic journals.
|
| 710 |
2 |
|
|a University of Alberta.
|b Intercultural Education Program.
|
| 780 |
0 |
0 |
|t Indian ed.
|d [Edmonton, Intercultural Education Program, University of Alberta]
|x 0318-8647
|w (OCoLC)2030025
|w (DLC)cn 76319937
|
| 853 |
3 |
3 |
|8 1
|a v.
|b no.
|i (year)
|
| 856 |
4 |
0 |
|z Full text available from Research Library: 01/01/1998 to 01/31/2013
|u https://search.proquest.com/publication/30037
|
| 863 |
4 |
0 |
|8 1
|a <11>-
|i <1983/1984>-
|x provisional
|